| 000 | 003410000a22001450004500 | ||
|---|---|---|---|
| 003 | MACL | ||
| 040 | _aMACL | ||
| 090 |
_c6380 _d6379 |
||
| 100 | _aSatyanarayana, N R | ||
| 245 | _aUser Education in Academic Libraries | ||
| 260 |
_bEss Ess Publications _c1988 |
||
| 350 | _a200 | ||
| 650 | _aLibrary & Information Science | ||
| 942 |
_cBOOK _k020 |
||
| 999 |
_c6332 _d6332 |
||